The Sims 3 - Statistics

General Stats
  • This quiz has been taken 339 times
  • The average score is 12 of 20
Answer Stats
Hint Answer % Correct
"Life Is Better With Pets" Pets
95%
"Embrace the Supernatural" Supernatural
91%
"Fun For Every Season" Seasons
90%
"Experience the Excitement of University" University Life
83%
"Now Get to Work!" Ambitions
82%
"Play with Your Own Island Paradise" Island Paradise
82%
"Live Life to the Fullest!" Generations
79%
"Play With Traveling to the Future... And Back!" Into The Future
78%
"It's A Whole Other World After Dark!" Late Night
73%
"Discover Exciting Adventures In Far-Away Lands" World Adventures
69%
"Share Your Sim's Rise to Fame" Showtime
64%
"Turn Your Sims Town to Candyfornia!" Katy Perry Sweet Treats
42%
"Create the Ultimate Outdoor Living Space For Your Sims" Outdoor Living Stuff
37%
"Play With Heros and Villians" Movie Stuff
36%
"Style that Defines..." Diesel Stuff
31%
"Give Your Sims the Ultimate Modern Penthouse Lifestyle" High-End Loft Stuff
30%
"Warp Your Sims Back in Time" 70s, 80s, & 90s Stuff
28%
"Take Your Sims on the Rides of Their Lives!" Fast Lane Stuff
28%
"New Stuff for Your Sims' Neighborhoods and Homes!" Town Life Stuff
28%
"Home Is Where the Heart Is" Master Suite Stuff
25%
No matching quizzes found
Score Distribution
Percent of People with Each Score
Percentile by Number Answered
Your Score History
You have not taken this quiz